01678nam a2200217 a 4500001001000000003000400010005001700014008004100031040002500072100003800097245007200135260003700207300003200244500002600276500004800302500021200350505076200562942001401324952010501338999001701443000012929OSt20201110132356.0081117s1990 dr ac 000 0 spa d aDO-SdBNPbspacBNPHU1 aSánchez de Luciano, Daysi9124910aMatemática :beducación primaria /cDaysi Sánchez de Luciano. aSanto Domingo, :bDisesa,c1990. av. :bil., retrs. ;c27 cm. aEducación primaria. aLa biblioteca solamente posee el volumen 6. aAprobado como libro de texto básico para el sexto curso de la educación primaria por la Secretaría de Estado de Educación, Bellas artes y Cultos mediante oficio No. 5103 de fecha 1 de agosto de 1989.0 av. 6 :tPrólogo --tEcuaciones en las que se aplica la adicción y la sustración de números naturales --tEcuaciones en las que se aplica la multiplicación y división de los números naturales --tPotencias de números naturales. Raíces cuadradas --tLos números fraccionarios --tOperaciones con números fraccionarios --tLas fracciones decimales --tRazón. Proporción. Tanto por ciento. Interés simple --tDibujos a escala. Ampliación y reducción --tRecolección y análisis de datos --tUnidades de medida --tOperaciones con diferentes unidades de medida de un mismo sistema --tElementos del plano. Polígonos --tPerímetros --tsuperficies. Areas de polígonos --tPrismas. Volúmenes y otras unidades de medida -- 2ddccLBS1 0010718PDaPDbPDcCTd2009-11-18iLF1l0o p12929-10r2020-06-25w2020-06-25yLFPDZNo se presta c12577d12577